Statistiques concernant Les Voitures les plus vendues au monde

Cliquez ici pour prendre le quiz!

Statistiques générales

  • Ce quiz a été pris 426 fois
  • Le résultat moyen est 8 sur 10

Statistiques - réponses

PaysAnnéeModèleChiffreConstructeur% Correct
JAP1966-Corolla32,000,000Toyota
96%
GER1974-Golf25,000,000Volkswagen
94%
JAP1972-Civic17,730,000Honda
90%
USA1948-F-15030,000,000Ford
89%
USA1976-Fiesta12,500,000Ford
88%
USA1968-2000Escort20,000,000Ford
87%
GER1973-Passat14,100,000Volkswagen
83%
GER1938-Beetle22,300,000Volkswagen
82%
USA1908-1927Model T16,500,000Ford
75%
USA1958-Impala14,000,000Chevrolet
62%

Distribution des résultats

Percentile par nombre de réponses

% des personnes avec chaque résultat

Votre développement - résultats

Vous n’avez pas pris ce quiz